LEADER 01814oam 2200445M 450 001 9910716307903321 005 20200213070635.2 035 $a(CKB)5470000002521061 035 $a(OCoLC)1066040888 035 $a(OCoLC)995470000002521061 035 $a(EXLCZ)995470000002521061 100 $a20071213d1926 ua 0 101 0 $aeng 135 $aurcn||||||||| 181 $ctxt$2rdacontent 182 $cc$2rdamedia 183 $acr$2rdacarrier 200 10$aProviding for the issuance of patent to the Boyle Commission Co. for Block No. 223, town site of Heyburn, Idaho. January 21, 1926. -- Committed to the Committee of the Whole House and ordered to be printed 210 1$a[Washington, D.C.] :$c[U.S. Government Printing Office],$d1926. 215 $a1 online resource (3 pages) 225 1 $aHouse report / 69th Congress, 1st session. House ;$vno. 136 225 1 $a[United States congressional serial set ] ;$v[serial no. 8535] 300 $aBatch processed record: Metadata reviewed, not verified. Some fields updated by batch processes. 300 $aFDLP item number not assigned. 606 $aLand use$xPrices 606 $aLand titles 606 $aPublic land sales 608 $aLegislative materials.$2lcgft 615 0$aLand use$xPrices. 615 0$aLand titles. 615 0$aPublic land sales. 701 $aSmith$b Addison T$g(Addison Taylor),$f1862-1956$pRepublican (ID)$01386174 801 0$bWYU 801 1$bWYU 801 2$bOCLCO 801 2$bOCLCQ 906 $aBOOK 912 $a9910716307903321 996 $aProviding for the issuance of patent to the Boyle Commission Co. for Block No. 223, town site of Heyburn, Idaho. January 21, 1926. -- Committed to the Committee of the Whole House and ordered to be printed$93487955 997 $aUNINA